000 00998nam a2200229Ia 4500
001 1982
005 20260422100151.0
008 260306t2017||||xx |||||||||||||| ||spa||
041 _aESP
082 _a158.7
_bZ936
100 _aZepeda Herrera, Fernando
_eAUT
245 0 _aPsicología organizacional
260 _c2017
300 _a524 páginas :
_c25 cm.
650 _aGEN
654 _aCPS
856 _uhttps://itmsp.museknowledge.com/UCSP?url=https://www.ebooks7-24.com:443/?il=4480&pg=1
_zVersión digital
856 _uhttps://0u213xh2b-y-https-ebooks7--24-com.itmsp.museknowledge.com/biblioteca.aspx
_zVéase además: Base de datos Ebook7-24
856 _uhttps://0u20fxh2j-y-https-research-ebsco-com.itmsp.museknowledge.com/c/qxo6us/search
_zVéase además: Base de datos EBSCOhost
856 _uhttps://0u20vxh2w-y-https-ebookcentral-proquest-com.itmsp.museknowledge.com/lib/catolicasp/home.action
_zVéase además: Base de datos ProQuest Ebook Central
942 _cLIB
_dJUS
_fJUS
_2ddc
999 _c1982
_d1982